01277naa#a2200277#i#4500001001600000005001700016011001400033100004100047101000800088102000700096200019500103210010900298215001000407606004600417608004500463675009900508686003800607686005600645686003700701686003500738700005600773700005200829700005400881700005200935856001200987RU\\bibl\12246920260702012042.4##a1681-1208##a20260701b2026####ek#y0rusy0150####ca0#aENG##aRU1#aCrustal Movements and Deformations in Relation to Seismicity in Continuation of the Preparation Period of the Kamchatka Megathrust Earthquake (2020–2025)eЖурнальная статья1#aМоскваcГеофизический центр Российской Академии Наукd2026##a0 с.##aНауки о Земле. 05.00.002local##aЖурнальная статья2local##aГеология. Геологические и геофизические науки. 55zENG##aНауки о Земле. 262bbk##aНауки о Земле. Экология. 632tbk##aГЕОФИЗИКА. 37.002grnti##aГЕОЛОГИЯ. 38.002grnti#1aДокукинgПетр Александрович#1aКафтанgВладимир Иванович#1aТитковgНиколай Николаевич#1aЧебровgДанила Викторович4#arjes.ru